000 00527nam a2200193Ia 4500
005 20250508160848.0
008 008 250505s9999 xx 000 0 eng d
020 _a0-8247-6126-x
037 _aTextual
040 _aFEDL
_beng
_cFEDL
041 _aeng
_2eng
084 _a302.2, MCC
_qFEDL
100 _aMcCardle Ellen Steele
_9131837
245 0 _aNonverbal communication
260 _aNew York, USA
_bMarcel Dekker
_c1974
300 _axii,86p.
942 _cTEXL
_h302.2, MCC
999 _c1367049
_d1367049